000 00903cam a22001935a 4500
001 ##J100706
008 000000s1909 000 0 eng u
035 _a(Sirsi) u100706
041 0 _aeng
050 0 4 _a942.273 $2 22
110 2 _aSurveyors' Institution
_93783
245 0 0 _aSurveyors' Institution programmes of country meetings
_b1904-1909
260 _aLondon
_bSurveyors' Institution
_c1904-09
300 _a1
_fv
_bill
_bmaps
_c22cm.
505 0 _aVisit of the institution to Newcastle-on-Tyne, 26 and 27 May, 1904 - Visit of the institution to Exeter 25 and 26 May, 1905; Visit of the institution to Birmingham 24 and 25 May, 1906; Visit of the institution to Scotland, 23 and 24 May, 1907; Visit of the institution to Dover, 21 and 22 May, 1908; Visit of the institution to Cardiff, 20 and 21 May, 1909
651 4 _aGreat Britain
_y1707-
690 _aRICS SERVICES-RICS EVENTS
942 _n0
999 _c99765
_d99765